|
|
|
|
| LEADER |
01702nam a2200229 u 4500 |
| 001 |
10016838 |
| 003 |
GR-PaULI |
| 005 |
20210117210905.0 |
| 008 |
881025q2018 gr gre |
| 952 |
|
|
|0 0
|1 0
|2 ddc
|4 0
|6 337_142000000000000_ΕΤΗ
|7 0
|9 231837
|a LISP
|b LISP
|c BSC
|d 2019-05-08
|i 140752
|l 0
|o 337.142 ΕΤΗ
|p 025000262209
|r 2019-05-08 00:00:00
|t 1
|v 2019.00
|w 2019-05-08
|y BK15
|
| 999 |
|
|
|c 140857
|d 140857
|
| 040 |
|
|
|a GR-PaULI
|c GR-PaULI
|b gre
|e AACR2
|
| 082 |
0 |
4 |
|a 337.142
|2 23
|
| 111 |
|
|
|9 175420
|a Ετήσιο Συνέδριο των Ευρωπαίων Οικονομολόγων
|n (23ο :
|d 2018 :
|c Χαροκόπειο Πανεπιστήμιο, Ελλάδα)
|
| 245 |
1 |
0 |
|a Μπορεί να σωθεί η Ευρωπαϊκή Ένωση ; :
|b οι επιπτώσεις μιας Ευρώπης των πολλών ταχυτήτων : υπόμνημα 2018 /
|c EuroMemo Group.
|
| 260 |
|
|
|a Αθήνα :
|b Ινστιτούτο Νίκος Πουλαντζάς,
|c [2018?].
|
| 300 |
|
|
|a 62 σ. ;
|c 21 εκ.
|
| 500 |
|
|
|a Το 23ο Συνέδριο των Ευρωπαίων Οικονομολόγων σε συνεργασία με το Ινστιτούτο Νίκος Πουλαντζάς και το Τμήμα Γεωγραφίας του Χαροκοπείου Πανεπιστημίου πραγματοποιήθηκε στην Αθήνα το διάστημα 28 έως 30 Σεπτεμβρίου 2017.
|
| 610 |
2 |
4 |
|a Ευρωπαϊκή Ένωση
|x Οικονομική πολιτική
|9 5562
|
| 710 |
2 |
|
|9 175421
|a Ευρωπαίοι Οικονομολόγοι για μια Εναλλακτική Οικονομική Πολιτική στην Ευρώπη
|
| 942 |
|
|
|2 ddc
|c BK15
|
| 998 |
|
|
|c ΜΠΟΥΡΑΣ
|d 2019-05
|